| 000 | 01338cam a2200337 i 4500 | ||
|---|---|---|---|
| 999 |
_c41443 _d41443 |
||
| 001 | 818623 | ||
| 003 | OSt | ||
| 005 | 20220127124200.0 | ||
| 008 | 760910s1977 stka b 001 0 eng | ||
| 010 | _a 76044375 | ||
| 020 |
_a0443014752 : _c£13.50 |
||
| 040 |
_aDLC _cDLC _dDLC |
||
| 050 | 1 | 0 |
_aRB45.5 _b.B66 1977 |
| 060 | _aQY415 B724i | ||
| 082 | 0 | 0 |
_a612.11825 _bBOO/B |
| 100 | 1 |
_aBoorman, Kathleen E. _q(Kathleen Ethel) _99010 |
|
| 245 | 1 | 0 |
_aBlood group serology : _btheory, techniques, practical applications / _cKathleen E. Boorman, Barbara E. Dodd, and P. J. Lincoln. |
| 250 | _a5th ed. | ||
| 260 |
_aEdinburgh ; _aNew York : _bChurchill Livingstone ; _aNew York : _bdistributed in the United States of America by Longman, _c1977. |
||
| 300 |
_a495 p. : _bill. ; _c24 cm. |
||
| 500 | _aFirst-4th ed. published under title: An introduction to blood group serology. | ||
| 504 | _aIncludes bibliographies and index. | ||
| 650 | 0 | _aBlood groups. | |
| 650 | 0 |
_aBlood _xExamination. |
|
| 650 | 0 | _aCompatibility testing (Hematology). | |
| 650 | 2 | _aBlood group. | |
| 700 | 1 |
_aDodd, Barbara E. _q(Barbara Edith) _ejoint author. _99011 |
|
| 700 | 1 |
_aLincoln, Patrick J. _ejoint author. _99012 |
|
| 906 |
_a7 _bcbc _corignew _d1 _eocip _f19 _gy-gencatlg |
||
| 942 |
_2ddc _cBK _h612.11825 _iBOO/B _k612.11825 _mBOO/B |
||